Представление документа в формате RUSMARC

ПолеНазваниеЗначение
  Тип записи a
  Библиографический уровень m
001 Контрольный номер RU/SLIB/B/208730377
005 Дата корректировки 20201206204022.5
010 Индекс ISBN __
a ISBN 985-433-828-2
d Цена 289-03
101 Язык документа __
a Язык текста rus
c Язык оригинала rus
200 Заглавие и сведения об ответственности 0_
a Заглавие Всемирная история: Век железа. Древнейшие цивилизации Востока
f Первые сведения об ответственности редкол. И. А. Алябьева [и др.]
b Общее обозначение материала Текст
210 Выходные данные __
a Место издания М.
c Издательство АСТ
210 Выходные данные __
a Место издания Минск
c Издательство Харвест
d Дата издания 2000
215 Физическое описание __
a Объем 760 с.
c Иллюстрации/тип воспроизводства ил.
320 Библиография __
a Библиография Им. указ.: с. 733-743
330 Аннотация __
a Аннотация Том "всемирной истории:" охватывает период с конца второго тысячелетия до нашей эры до пятого века нашей эры, а также посвящен истории великих азиатских империй Китая и Индии в период с пятого века до нашей эры до конца второго века нашей эры.
600 Персоналии __
a Персоналии (Фамилия) Сыма Цянь
c Дополнение к имени историк древнекитайский
f Даты ок. 145 или 135 - ок. 86 до н. э.
600 Персоналии __
a Персоналии (Фамилия) Саргон
600 Персоналии __
a Персоналии (Фамилия) Саргон
c Дополнение к имени царь ассирийский
f Даты 722-705 до н. э.
600 Персоналии __
a Персоналии (Фамилия) Навуходоносор
c Дополнение к имени царь вавилонский
600 Персоналии __
a Персоналии (Фамилия) Ликург
600 Персоналии __
a Персоналии (Фамилия) Писистрат
600 Персоналии __
a Персоналии (Фамилия) Шан Ян
600 Персоналии __
a Персоналии (Фамилия) Ян Чжу
600 Персоналии __
a Персоналии (Фамилия) Цюй Юань
600 Персоналии __
a Персоналии (Фамилия) Цинь Шихуан-ди
600 Персоналии __
a Персоналии (Фамилия) Чжан Цянь
600 Персоналии __
a Персоналии (Фамилия) Ван Ман
600 Персоналии __
a Персоналии (Фамилия) Ван Чун
600 Персоналии __
a Персоналии (Фамилия) Хань
600 Персоналии __
a Персоналии (Фамилия) Александр Македонский
600 Персоналии __
a Персоналии (Фамилия) Муарьи
600 Персоналии __
a Персоналии (Фамилия) Гупт
606 Тематические рубрики __
a Основная рубрика История
z Хронологическая подрубрика 5 в. до н. э.; 4 в. до н. э.; 3 в. до н. э.; 2 в. до н. э.; 1 в. до н. э.; 1 в.; 2 в.
y Географическая подрубрика Южная Аравия; Азия; Израиль; Иудея; Сирия; Лидия; Урарту; Закавказье; Ассирия; Вавилония; Египет; Эфиопия; Иран; Средняя Азия; Мидия; Индия; Китай; Европа; Балканский полуостров; Испания; Италия; Греция; Корея; Япония; Индокитай; Индонезия; Цейлон; Фригия
606 Тематические рубрики __
a Основная рубрика Всемирная история
606 Тематические рубрики __
a Основная рубрика Древний мир
610 Ключевые слова __
a Ключевые слова культура; искусство; войны; религии; политика; литература; города; экономика; философия; персоналии; изобразительное искусство; торговля; буддизм; математика; естественные науки; наука; династии; государства; неолит; вазопись; письменность; государственный строй; джайнизм; урбанизация; ремесла; царства; империи; железный век; творчество; рабы; рабовладельцы; рабство; мифология; завоеватели; завоевательные войны; скифы; идеология; страны; население; ханы; верования; политический строй; восстания; народное движение; красные брови; желтые повязки; конфуцианство; исторические деятели
686 Индексы других классификаций __
a Классификационный индекс 63.3(0)я2
686 Индексы других классификаций __
a Классификационный индекс 63.3(0)3я2 ; ст63.3(0)я2 + ст63.3(0)3я2
702 Вторичная интеллектуальная ответственность __
a Фамилия Алябьева
b Имя И. А.
4 Код отношения Редактор
801 Источник записи _0
a Страна RU
b Организация Муниципальное бюджетное учреждение культуры "Централизованная библиотечная система" г. Сургут (Центральная городская библиотека им. А. С. Пушкина)
g Правила каталогизации КиК/Поспелова
801 Источник записи _1
a Страна RU
b Организация Муниципальное бюджетное учреждение культуры "Централизованная библиотечная система" г. Сургут (Центральная городская библиотека им. А. С. Пушкина)
g Правила каталогизации КиК/Поспелова
852 Данные о местонахождении __
j Шифр хранения 63.3(0)я2
c Каталожный индекс 63.3(0)я2; 63.3(0)3я2
i Авторский знак В 84
901 Тип документа __
t Тип документа m
903 Характеристики (МАРС) __
a Дата передачи 20021025
990 Данные о заказе (DOS) __
j Количество экземпляров (DOS) 9
t N записи в КСУ для И/У (DOS) 200211